000 00861nam a2200205 i 4500
001 181221
003 ES-MaACL
005 20250903014225.0
008 121105s1917 sp |||| | spa d
100 1 _aArenas Herrero, P. F.
_9151788
245 1 0 _aOperaciones financieras /
_cpor P. F. Arenas Herrero.
260 _aMadrid :
_bJunta para Ampliación de Estudios e Investigaciones Científicas,
_c1917.
300 _aP. 84-154 ;
_c23 cm.
490 1 _aPublicaciones del Laboratorio y Seminario Matemático ; T. II, Memoria 2ª
650 7 _aMatemáticas financieras
_2embne
_9151789
710 2 _aJunta para la Ampliación de Estudios e Investigaciones Científicas.
_95413
830 0 0 _aPublicaciones del Laboratorio y Seminario Matemático
_9191411
852 _aES-MaACL
_jB-13177(2)
_z.- Enc. en un vol. facticio
999 _c181221
_d181221